| 000 | 00555nam a2200169Ia 4500 | ||
|---|---|---|---|
| 008 | 230917s9999||||xx |||||||||||||| ||und|| | ||
| 020 | _cRS500 | ||
| 040 |
_e222742 _aMAIN |
||
| 041 | _aEnglish | ||
| 082 | _a891.433721 GB959SC | ||
| 100 | _aगुप्त, भैरव प्रसाद | ||
| 245 | 0 | _aसती मैया का चौरा | |
| 260 |
_aइलाहाबाद _bलोकभारती प्रकाशन _c2013 |
||
| 300 | _a487 पृ. p. | ||
| 500 | _a1835 14/01/2015 RAJKAMAL6917 24/01/2015 Main Budget | ||
| 942 | _cBK | ||
| 999 |
_c13648 _d13648 |
||